Verdad y método

Na minha lista:
Detalhes bibliográficos
Autor principal: Gadamer, Hans-Georg (Author)
Formato: Livro
Idioma:espanhol
Publicado em: Salamanca Sígueme 2005
Edição:11a. ed
Colecção:Hermeneia, 7
Assuntos:
Tags: Adicionar Tag
Sem tags, seja o primeiro a adicionar uma tag!

MARC

LEADER 00000cam a2200000 a 4500
001 UCH1795
003 CL-VaPUC
005 20240130100215.0
008 090514e20050000SP |||||||||||||||||spa|d
999 |c 333707  |d 333705 
020 |a 8430112707o.c 
020 |a 8430104631v.1 
020 |a 8430111808v.2 
040 |c Pontificia Universidad Católica de Valparaíso 
082 0 4 |a 121.68  |b GAD  |2 21 
100 0 |a Gadamer, Hans-Georg  |e author  |9 373562 
245 1 0 |a Verdad y método 
250 |a 11a. ed 
260 |a Salamanca  |b Sígueme  |c 2005 
300 |a v 
490 0 |a Hermeneia, 7 
583 |a last modification  |c 20150428 12:39:48  |k Rodrigo Vera 
650 0 |a Hermenéutica  |9 269473 
650 0 |a Estética   |9 264950 
650 0 |a Filosofía del arte  |9 264951 
650 0 |a Ontología   |9 256850 
650 0 |a Lenguaje   |9 265069 
942 |c BK  |2 ddc 
945 |d 20090514 00:00:00  |a rbrito 
952 |0 0  |1 0  |4 0  |6 121_680000000000000_GAD_2005  |7 0  |8 R  |9 422298  |a BIBGIM  |b BIBGIM  |d 2019-11-22  |h v.1  |i 4549740  |o 121.68 GAD 2005  |p 4549740  |r 2025-01-15  |w 2019-11-22  |y BK_R  |k SSL 
952 |0 0  |1 0  |4 0  |6 121_680000000000000_GAD_2005  |7 0  |8 R  |9 422299  |a BIBGIM  |b BIBGIM  |d 2019-11-22  |h v.2  |i 4549759  |o 121.68 GAD 2005  |p 4549759  |r 2025-01-15  |w 2019-11-22  |y BK_R  |k SSL 
952 |0 0  |1 0  |3 erd  |4 0  |6 121_680000000000000_GAD_2005  |7 0  |8 A  |9 422300  |a BIBARQ  |b BIBARQ  |i 5148162  |o 121.68 GAD 2005  |p 5148162  |r 2025-01-20  |w 2019-11-22  |y BK  |z Catalogado en:20150430  |k ARQ 
952 |0 0  |1 0  |3 erd  |4 0  |6 121_680000000000000_GAD_2005  |7 0  |8 A  |9 422301  |a BIBTEO  |b BIBTEO  |h v.1  |i 5192749  |o 121.68 GAD 2005  |p 5192749  |r 2025-01-17  |w 2019-11-22  |y BK  |z Catalogado en:20150806  |k ICR 
952 |0 0  |1 0  |3 erd  |4 0  |6 121_680000000000000_GAD_2005  |7 0  |8 A  |9 422302  |a BIBTEO  |b BIBTEO  |h v.2  |i 5192757  |o 121.68 GAD 2005  |p 5192757  |r 2025-01-17  |w 2019-11-22  |y BK  |z Catalogado en:20150806  |k ICR 
952 |0 0  |1 0  |3 erd  |4 0  |6 121_680000000000000_GAD_2005  |7 0  |8 R  |9 422303  |a BIBGIM  |b BIBGIM  |h v.1  |i 525468K  |o 121.68 GAD 2005  |p 525468K  |r 2025-01-15  |w 2019-11-22  |y BK_R  |z Catalogado en:20151204  |k SSL 
952 |0 0  |1 0  |3 erd  |4 0  |6 121_680000000000000_GAD_2005  |7 0  |8 R  |9 422304  |a BIBGIM  |b BIBGIM  |h v.1  |i 5254671  |o 121.68 GAD 2005  |p 5254671  |r 2025-01-15  |w 2019-11-22  |y BK_R  |z Catalogado en:20151204  |k SSL 
952 |0 0  |1 0  |3 erd  |4 0  |6 121_680000000000000_GAD_2005  |7 0  |8 R  |9 422305  |a BIBGIM  |b BIBGIM  |h v.1  |i 5254663  |o 121.68 GAD 2005  |p 5254663  |r 2025-01-15  |w 2019-11-22  |y BK_R  |z Catalogado en:20151204  |k SSL